000 00611nam a2200241Ia 4500
003 OSt
005 20221005121825.0
006 a|||||r|||| 00| 0
007 ta
008 221004b |||||||| |||| 00| 0 eng d
024 _a52400
037 _cTextual
040 _aCRL
_cCRL
_beng
041 _2eng
_aeng
082 _aQ6:21:9, H31
100 _aSmith A. D. Howell
_9631183
245 0 _aIn search of the real Bible
260 _c1943
490 _a(Thinker's library,98).
650 _aRELIGION
942 _hQ6:21:9, H31
_cTEXL
_2cc
999 _c1042374
_d1042374